| 000 | 01034nam a2200289 a 4500 | ||
|---|---|---|---|
| 005 | 20240924070515.0 | ||
| 008 | 991125s1998 mx 000 0 spa u | ||
| 020 | _a9684272138 (Capitalismo global) | ||
| 020 | _a9684272154 (Economía de mercado) | ||
| 035 | _aUPN01000024601 | ||
| 049 | _aCG | ||
| 050 | 4 |
_aHB87 _bF5.6 1998 |
|
| 245 | 0 | 0 |
_aFin del capitalismo global : _bel nuevo proyecto histórico / _cHeinz Dieterich ... [et al.]. |
| 250 | _a2a ed. | ||
| 260 |
_aMéxico : _bNuestro Tiempo, _c1998. |
||
| 300 |
_a189 p. : _bmapas |
||
| 440 | 0 | _aTemas de actualidad | |
| 590 | _a(También localizas un ejemplar en el "Area de Reserva") | ||
| 590 | _aBibliografía Básica (BGTQ) | ||
| 650 | 4 |
_aGlobalización _95377 |
|
| 650 | 4 |
_aHISTORIA ECONOMICA - _ySIGLO XX _914159 |
|
| 650 | 4 |
_aHISTORIA MODERNA - _ySIGLO XX _914204 |
|
| 650 | 4 |
_aPOLITICA MUNDIAL - _ySIGLO XX _91449 |
|
| 700 | 1 |
_aDieterich, Heinz, _d1943- _ecoaut. _930850 |
|
| 740 | 0 | _aFin de la economía de mercado : el nuevo proyecto histórico | |
| 905 | _aLibro | ||
| 999 |
_c24601 _d24601 |
||